|
|
|
|
| LEADER |
00000naa2a2200000 4500 |
| 001 |
609114 |
| 005 |
20250520124806.0 |
| 035 |
|
|
|a (RuTPU)RU\TPU\conf\6561
|
| 090 |
|
|
|a 609114
|
| 100 |
|
|
|a 20141027d2014 k y0rusy50 ca
|
| 101 |
0 |
|
|a eng
|
| 102 |
|
|
|a RU
|
| 105 |
|
|
|a y z 101zy
|
| 135 |
|
|
|a drmn ---uucaa
|
| 181 |
|
0 |
|a i
|
| 182 |
|
0 |
|a b
|
| 200 |
1 |
|
|a Scada system design
|f A. A. Chernaya
|g Sci. adv. E. Zh. Sarsikeev, E. Ya. Sokolova
|
| 203 |
|
|
|a Text
|c electronic
|
| 225 |
1 |
|
|a Научно-технический дискурс "Интеллектуальные энергосистемы"
|
| 300 |
|
|
|a Заглавие с титульного экрана
|
| 320 |
|
|
|a [Ref.: p. 319 (5 tit.)]
|
| 337 |
|
|
|a Adobe Reader
|
| 461 |
|
1 |
|0 (RuTPU)RU\TPU\conf\6228
|t Интеллектуальные энергосистемы
|o труды II Международного молодёжного форума, 6-10 октября 2014 г., г. Томск
|o в 2 т.
|f Национальный исследовательский Томский политехнический университет (ТПУ)
|d 2014
|
| 463 |
|
1 |
|0 (RuTPU)RU\TPU\conf\6233
|t Т. 2
|v [P. 315-319]
|d 2014
|
| 610 |
1 |
|
|a труды учёных ТПУ
|
| 610 |
1 |
|
|a электронный ресурс
|
| 610 |
1 |
|
|a конструкции
|
| 610 |
1 |
|
|a автоматическое управление
|
| 610 |
1 |
|
|a сбор данных
|
| 610 |
1 |
|
|a энергетическая отрасль
|
| 610 |
1 |
|
|a электроэнергия
|
| 610 |
1 |
|
|a Scada-системы
|
| 700 |
|
1 |
|a Chernaya
|b A. A.
|
| 702 |
|
1 |
|a Sarsikeev
|b E. Zh.
|c specialist in the field of electrical engineering
|c Assistant of the Department of Tomsk Polytechnic University
|f 1987-
|g Ermek Zhaslanovich
|4 727
|
| 702 |
|
1 |
|a Sokolova
|b E. Ya.
|c linguist
|c Senior Lecturer of Tomsk Polytechnic University
|f 1960-
|g Elvira Yakovlevna
|3 (RuTPU)RU\TPU\pers\32892
|4 727
|
| 712 |
0 |
2 |
|a Национальный исследовательский Томский политехнический университет
|c (2009- )
|9 26305
|
| 801 |
|
2 |
|a RU
|b 63413507
|c 20200312
|g RCR
|
| 850 |
|
|
|a 63413507
|
| 856 |
4 |
|
|u http://www.lib.tpu.ru/fulltext/c/2014/C43/V2/083.pdf
|
| 942 |
|
|
|c BK
|